Animals by Picture - B - Statistics

General Stats
  • This quiz has been taken 93 times
    91 since last reset
  • The average score is 10 of 16
Answer Stats
Picture Answer % Correct
Bee
99%
Bat
92%
Black Bear
91%
Bison
88%
Baboon
87%
Bald Eagle
84%
Bobcat
82%
Beluga
78%
Buffalo
72%
Blue Whale
64%
Boa Constrictor
61%
Bonobo
53%
Bird-of-Paradise
25%
Binturong
24%
Bongo
24%
Babirusa
21%
No matching quizzes found
Score Distribution
Percent of People with Each Score
Percentile by Number Answered
Your Score History
You have not taken this quiz since the last reset